L'Histoire de l'Egypte comme si vous y étiez (notice n° 1568136)

détails MARC
000 -LEADER
fixed length control field 01244cam a2200133 4500500
005 - DATE AND TIME OF LATEST TRANSACTION
control field 20251214004017.0
041 ## - LANGUAGE CODE
Language code of text/sound track or separate title fre
042 ## - AUTHENTICATION CODE
Authentication code dc
100 10 - MAIN ENTRY--PERSONAL NAME
Personal name Boqueho, Vincent
Relator term author
245 00 - TITLE STATEMENT
Title L'Histoire de l'Egypte comme si vous y étiez
260 ## - PUBLICATION, DISTRIBUTION, ETC.
Name of publisher, distributor, etc. Armand Colin,<br/>
Date of publication, distribution, etc. 2020.<br/>
520 ## - SUMMARY, ETC.
Summary, etc. « Vous êtes Thoutmosis Ier, troisième pharaon de la XVIIIe dynastie ». Le ton est donné et tout l’ouvrage est construit de manière à inclure le lecteur dans cette histoire de l’Égypte. De l’ère paléolithique à la fin de la culture antique, l’auteur nous fait parcourir l’histoire de l’Égypte d’une façon originale. Tous les grands événements sont ainsi présentés, précédés de leur date, et nous plonge à chaque fois au cœur de ceux-ci. Des origines à l’Ancien Empire, des pharaons à l’époque gréco-romaine, nous découvrons le quotidien des Égyptiens et son évolution à travers le temps.L’histoire de l’Égypte est vulgarisée à la manière d’un roman dont le lecteur est le héros, rendant la démarche de l’auteur tout à fait singulière et inédite.
856 41 - ELECTRONIC LOCATION AND ACCESS
Uniform Resource Identifier <a href="https://shs.cairn.info/l-histoire-de-l-egypte-comme-si-vous-y-etiez--9782200625979?lang=fr&redirect-ssocas=7080">https://shs.cairn.info/l-histoire-de-l-egypte-comme-si-vous-y-etiez--9782200625979?lang=fr&redirect-ssocas=7080</a>

Pas d'exemplaire disponible.

PLUDOC

PLUDOC est la plateforme unique et centralisée de gestion des bibliothèques physiques et numériques de Guinée administré par le CEDUST. Elle est la plus grande base de données de ressources documentaires pour les Étudiants, Enseignants chercheurs et Chercheurs de Guinée.

Adresse

627 919 101/664 919 101

25 boulevard du commerce
Kaloum, Conakry, Guinée

Réseaux sociaux

Powered by Netsen Group @ 2025